000 00500nam a2200181Ia 4500
001 10212
005 20260306161815.0
008 260306t1973||||xx |||||||||||||| ||spa||
041 _aESP
082 _a909
_bR65 T. 3
100 _aRiquer, Martín de,
_eAUT
245 0 _aReportaje de la historia :
_b136 relatos de testigos presenciales sobre hechos ocurridos en 25 siglos
260 _c1973
300 _a567 páginas :
_c25 cm.
650 _aGEN
654 _aCHU
942 _cLIB
_dJUS
_fJUS
_2ddc
_n
999 _c10212
_d10212